00525nam a2200145Ia 4500008004100000245014800041260001700189260000900206300000800215650002300223650001200246856002900258999001900287952007300306170516s9999 xx 000 0 und d aDesigning 3D Mesenchymal Stem Cell Sheets Merging Magnetic and Fluorescent Features: When Cell Sheet Technology Meets Image-Guided Cell Therapy bTheranostics c2016 a6:5 xMedical Technology xMedtech uhttp://www.thno.org/v6i5 c330166d330166 001040aCLbCLd2017-05-16l0r2017-05-16 00:00:00w2017-05-16yFOJ